000 00541nam a2200145 a 4500
001 000032325
005 20200930065601.0
008 110714s1906 dr 000 0 spa d
040 _aDO-SdBNP
_bspa
_cBNPHU
100 1 _aRepública Dominicana
_bHacienda y comercio
_958336
245 1 0 _aMemoria que al ciudadano presidente de la república presenta el secretario de estado en los despachos de Hacienda y comercio.
260 _aSanto Domingo :
_bImp. Flor del Ozama,
_c1906.
300 _a1v. con varias paginaciones ;
_c27 cm.
049 _aBNPD
999 _c31816
_d31816